| 000 | 00510nam a22001697a 4500 | ||
|---|---|---|---|
| 008 | 220203b |||||||| |||| 00| 0 eng d | ||
| 020 | _a9781400065844 | ||
| 082 | _a327.2092/C354m | ||
| 100 | _aChaozhu, Ji | ||
| 245 |
_aThe man on maos right: _bfrom harvard yard to tiananment square, my life inside China's foreign ministry. |
||
| 260 |
_aNew York: _bRandom House, _c2008. |
||
| 300 | _a354p.; illus. | ||
| 650 | _aDiplomats- biography | ||
| 650 | _aChina | ||
| 650 | _aJi, Chaozhu | ||
| 942 |
_2ddc _cGEN |
||
| 999 |
_c103235 _d103223 |
||